000 00409cam a2200169ua 4500
020 _c100.00
041 _amal
_h
082 _a894.8128615
_bMAD/VA
100 _aMadhavikkutty, .
245 _aVandikkalakal /
_cMadhavikutty.
_hTextual Documents
260 _aCalicut :
_bMathrubhumi Books ,
_c2008.
300 _a ; .
365 _a100.00
504 _a
942 _cBK
999 _c13547
_d13547